Les Pokémon du Pokédex regional 7G - Statistiques

Statistiques générales
  • Ce quiz a été pris 38 fois
  • Le résultat moyen est 137 sur 402
Statistiques - réponses
Pokémon % Correct
Brindibou
93%
Efflèche
87%
Oratoria
87%
Otaquin
87%
Otarlette
87%
Archéduc
80%
Argouste
80%
Bazoucan
80%
Félinferno
80%
Flamiaou
80%
Manglouton
80%
Matoufeu
80%
Picassaut
80%
Piclairon
80%
Rattata
73%
Rattatac
73%
Lougaroc
67%
Lunala
67%
Miaouss
67%
Persian
67%
Pichu
67%
Pikachu
67%
Rocabot
67%
Solgaleo
67%
Tokopisco
67%
Tokopiyon
67%
Tokorico
67%
Tokotoro
67%
Ama-Ama
60%
Aquali
60%
Bamboiselle
60%
Bourrinos
60%
Crabagarre
60%
Croquine
60%
Évoli
60%
Givrali
60%
Gravalanch
60%
Grolem
60%
Larvibule
60%
Lucanon
60%
Magneti
60%
Magneton
60%
Mimiqui
60%
Mouscoto
60%
Noadkoko
60%
Noeunoeuf
60%
Nymphali
60%
Phyllali
60%
Plumeline
60%
Pyroli
60%
Racaillou
60%
Raichu
60%
Rubombelle
60%
Tiboudet
60%
Voltali
60%
Bombydou
53%
Câblifère
53%
Candine
53%
Chenipan
53%
Chrysacier
53%
Chrysapile
53%
Cosmog
53%
Cosmovum
53%
Crabominable
53%
Draïeul
53%
Grotadmorv
53%
Guérilande
53%
Katagami
53%
Magnezone
53%
Malamandre
53%
Marshadow
53%
Mentali
53%
Necrozma
53%
Noctali
53%
Ossatueur
53%
Osselait
53%
Papilusion
53%
Pierroteknik
53%
Sucreine
53%
Tadmorv
53%
Tritox
53%
Zeraora
53%
Zéroïd
53%
Airmure
47%
Boumata
47%
Cancrelove
47%
Chelours
47%
Démanta
47%
Engloutyran
47%
Floramantis
47%
Froussardine
47%
Gouroutan
47%
Magearna
47%
Magicarpe
47%
Météno
47%
Mimantis
47%
Nosferapti
47%
Nounourson
47%
Ramoloss
47%
Sinistrail
47%
Taupiqueur
47%
Togedemaru
47%
Triopikeur
47%
Vémini
47%
Abra
40%
Alakazam
40%
Araqua
40%
Babimanta
40%
Bacabouh
40%
Bébécaille
40%
Bekipan
40%
Denticrisse
40%
Dodoala
40%
Draby
40%
Drackhaus
40%
Drattak
40%
Ecaïd
40%
Ekaïser
40%
Élekable
40%
Feunard
40%
Flagadoss
40%
Goélise
40%
Goinfrex
40%
Goupix
40%
Kadabra
40%
Lampignon
40%
Leveinard
40%
Léviator
40%
Lokhlass
40%
Machopeur
40%
Mackogneur
40%
Mandrillon
40%
Nostenfer
40%
Psykokwak
40%
Ptiravi
40%
Quartermac
40%
Roigada
40%
Ronflex
40%
Sabelette
40%
Sablaireau
40%
Sarmuraï
40%
Silvallié
40%
Simularbre
40%
Sovkipou
40%
Spododo
40%
Stari
40%
Staross
40%
Tarenbulle
40%
Tentacool
40%
Tentacruel
40%
Trépassable
40%
Type:0
40%
Wailmer
40%
Wailord
40%
Akwakwak
33%
Amonistar
33%
Amonita
33%
Anorith
33%
Armaldo
33%
Bruyverne
33%
Cadoizo
33%
Carchacrok
33%
Carmache
33%
Cizayox
33%
Couafarel
33%
Coxy
33%
Dedenne
33%
Draco
33%
Dracolosse
33%
Ectoplasma
33%
Élekid
33%
Élektek
33%
Fantominus
33%
Flingouste
33%
Fragilady
33%
Furaiglon
33%
Gamblast
33%
Griknot
33%
Grodoudou
33%
Gueriaigle
33%
Hariyama
33%
Hypnomade
33%
Insécateur
33%
Kabuto
33%
Kabutops
33%
Laporeille
33%
Leuphorie
33%
Lilia
33%
Machoc
33%
Maganon
33%
Magby
33%
Magmar
33%
Makuhita
33%
Mamanbo
33%
Manzaï
33%
Migalos
33%
Mime Jr.
33%
Mimigal
33%
M. Mime
33%
Nosferalto
33%
Ponchien
33%
Ponchiot
33%
Prédastérie
33%
Ptéra
33%
Queulorior
33%
Rapasdepic
33%
Rondoudou
33%
Sepiatop
33%
Sepiatroce
33%
Sharpedo
33%
Spectrum
33%
Tauros
33%
Toudoudou
33%
Vacilys
33%
Vaututrice
33%
Vorastérie
33%
Vostourno
33%
Zoroark
33%
Zorua
33%
Zygarde
33%
Abo
27%
Aéroptéryx
27%
Amagara
27%
Arbok
27%
Arcanin
27%
Arkéapti
27%
Baudrive
27%
Brutalibré
27%
Caninos
27%
Carapagos
27%
Carvanha
27%
Coquiperl
27%
Corayon
27%
Corboss
27%
Cornèbre
27%
Coxyclaque
27%
Crocorible
27%
Crustabri
27%
Dragmara
27%
Écayon
27%
Flabébé
27%
Floette
27%
Florges
27%
Grodrive
27%
Insolourdo
27%
Kangourex
27%
Kecleon
27%
Kravarech
27%
Libégon
27%
Lippouti
27%
Lippoutou
27%
Lockpin
27%
Lovdisc
27%
Lucario
27%
Luminéon
27%
Mastouffe
27%
Mégapagos
27%
Mélo
27%
Mélodelfe
27%
Mélofée
27%
Métalosse
27%
Métang
27%
Minidraco
27%
Pandarbare
27%
Pandespiègle
27%
Ptitard
27%
Ptyranidur
27%
Relicanth
27%
Rexilius
27%
Riolu
27%
Rosabyss
27%
Sancoki
27%
Scarabrute
27%
Serpang
27%
Sonistrelle
27%
Tarinor
27%
Tarinorme
27%
Tarpaud
27%
Ténéfix
27%
Terhal
27%
Tritosor
27%
Venalgue
27%
Absol
20%
Arakdo
20%
Barbicha
20%
Bargantua
20%
Barloche
20%
Barpau
20%
Braisillon
20%
Charkos
20%
Conconbaffe
20%
Dimoret
20%
Dinoclier
20%
Doudouvet
20%
Escroco
20%
Farfaduvet
20%
Farfuret
20%
Flambusard
20%
Géolithe
20%
Gigalithe
20%
Hélionceau
20%
Hoothoot
20%
Kokiyas
20%
Kraknoix
20%
Kranidos
20%
Lanturn
20%
Loupio
20%
Mascaïman
20%
Maskadra
20%
Milobellus
20%
Moyade
20%
Mysdibule
20%
Natu
20%
Némélios
20%
Noarfang
20%
Nodulithe
20%
Octillery
20%
Passerouge
20%
Poissirène
20%
Poissoroy
20%
Rémoraid
20%
Scarhino
20%
Tartard
20%
Trousselin
20%
Tyranocif
20%
Vibraninf
20%
Viskuse
20%
Xatu
20%
Balbuto
13%
Colhomard
13%
Colimucus
13%
Colossinge
13%
Coudlangue
13%
Démolosse
13%
Drakkarmin
13%
Dynavolt
13%
Écrapince
13%
Écrémeuh
13%
Élecsprint
13%
Embrylex
13%
Emolga
13%
Excelangue
13%
Férosinge
13%
Feuforêve
13%
Golemastoc
13%
Granbull
13%
Gringolem
13%
Kaorine
13%
Lainergie
13%
Magirêve
13%
Malosse
13%
Miamiasme
13%
Miasmax
13%
Momartik
13%
Morphéo
13%
Mucuscule
13%
Muplodocus
13%
Oniglali
13%
Paras
13%
Parasect
13%
Pharamp
13%
Porygon
13%
Porygon-2
13%
Porygon-Z
13%
Pyrax
13%
Pyronille
13%
Snubull
13%
Spinda
13%
Stalgamin
13%
Strassie
13%
Tropius
13%
Wattouat
13%
Ymphect
13%
Baggaïd
7%
Baggiguane
7%
Brocélôme
7%
Chinchidou
7%
Desséliande
7%
Foretress
7%
Kungfouine
7%
Lewsor
7%
Neitram
7%
Pashmilla
7%
Piafabecc
7%
Pomdepik
7%
Scalpion
7%
Scalproie
7%
Shaofouine
7%
Sorbébé
7%
Sorbouboul
7%
Sorboul
7%
Têtarde
7%
Branette
0%
Capidextre
0%
Capumain
0%
Chartor
0%
Chlorubule
0%
Lamantine
0%
Métamorph
0%
Otaria
0%
Polichombre
0%
Aucun quiz correspondant
Distribution des résultats
% des personnes avec chaque résultat
Percentile par nombre de réponses
Votre historique - résultats
Vous n’avez pas pris ce quiz